| 000 | 00377nam a22001457a 4500 | ||
|---|---|---|---|
| 020 | _qPB. | ||
| 040 | _cFIZZA ISHAQ | ||
| 082 |
_a530.078 _bBOL |
||
| 100 | _aBOLTON,W. | ||
| 245 |
_aPHYSICS EXPERIMENTS & PROJECTS — Volume 2: Waves and Particles / _cW. BOLTON. |
||
| 250 | _a1ST ED. | ||
| 260 |
_aNEW YORK: _bPERGAMON PRESS, _c1968. |
||
| 300 | _a97 P. ; | ||
| 942 |
_2ddc _cBK |
||
| 999 |
_c615360 _d615360 |
||